UM Logo

Guide to economics for Filipinos / (Record no. 20104)

MARC details
000 -LEADER
fixed length control field 00534nam a22001697a 4500
008 - FIXED-LENGTH DATA ELEMENTS--GENERAL INFORMATION
fixed length control field 240408b ||||| |||| 00| 0 eng d
020 ## - INTERNATIONAL STANDARD BOOK NUMBER
International Standard Book Number 9711170566
082 ## - DEWEY DECIMAL CLASSIFICATION NUMBER
Classification number DFil 330.599
Item number V71 1991
100 ## - MAIN ENTRY--PERSONAL NAME
Personal name Villegas, Bernardo M.
9 (RLIN) 56398
245 ## - TITLE STATEMENT
Title Guide to economics for Filipinos /
Statement of responsibility, etc. Bernardo M. Villegas
250 ## - EDITION STATEMENT
Edition statement 4th edition.
260 ## - PUBLICATION, DISTRIBUTION, ETC. (IMPRINT)
Place of publication, distribution, etc. Manila :
Name of publisher, distributor, etc. Sinag-tala publishers, Inc.,
Date of publication, distribution, etc. ©1991.
300 ## - PHYSICAL DESCRIPTION
Extent ix, 694 pages ;
Other physical details illustrations ;
Dimensions 22 cm.
500 ## - GENERAL NOTE
General note Includes index.
650 ## - SUBJECT ADDED ENTRY--TOPICAL TERM
Topical term or geographic name as entry element Economics.
9 (RLIN) 56405
942 ## - ADDED ENTRY ELEMENTS (KOHA)
Source of classification or shelving scheme Dewey Decimal Classification
Koha item type Filipiniana
Holdings
Withdrawn status Lost status Source of classification or shelving scheme Damaged status Not for loan Collection code Home library Current library Date acquired Source of acquisition Total Checkouts Full call number Barcode Date last seen Price effective from Koha item type
    Dewey Decimal Classification     Filipiniana UM Digos College - LIC UM Digos College - LIC 04/08/2024 Purchased   DFil 330.599 V71 1991 12530 05/15/2025 04/08/2024 Filipiniana